000 01059cam a22002054a 4500
005 20250605164040.0
008 250528s ||||||||||||||||||||||||d
035 _a16958
020 _a192892363
040 _aGR-AtMCL
_bgre
_dGR-AtMCL
_eAACR2
245 1 _aChange in British Society / From 1900 to the Present Day: Fourth Edition
250 _a4th
260 _bOxford University Press,
_c1995
300 _a268
520 _aThis book incorporates a wide range of issues which have arisen in the past few years: changes in education, the fortunes of political parties, the tightening of immigration control, the decline of the manufacturing industry, and the challenge which the 1990s pose to the nuclear family. Figures and Tables, To Know Ourselves, A Class-Ridden Prosperity, The Reconstitution of Status, The Fortunes of Party, Between the Generations, Mobility and Education, Order and Authority, A Democracy of Citizens, Notes, Further Reading, Index.
700 1 _aHalsey A.H
_93055
942 _cBK
999 _c2401
_d2401